000 00924cam a2200253 4500
008 090401t1991 xxu||||| |||| 00| 0 eng d
020 _a0419173307
035 _a(Sirsi) u69198
041 _aeng
050 _a625.7026
100 _aO`Hara, Robert A.
245 _aGuide to highway law for architects, engineers, surveyors and contractors.
260 _aLondon
_bE. & F. N. Spon
_c1991
300 _aviii,141p. ; 21cm.
350 _a25
520 _aA basic guide for building professionals who are likely to be engaged on work on or near a highway. Includes sections on rights of adjacent owners, making up new streets and civil liability together with a selection of relevant law cases.
650 _aHIGHWAY LAW
650 _aHIGHWAY MAINTENANCE
650 _aCONSTRUCTION WORK
650 _aHIGHWAY IMPROVEMENTS
690 _aHIGHWAYS RIGHTS OF WAY AND EASEMENTS
942 _n0
948 _c04/03/1997
999 _c95165
_d95165